| 000 | 00486nam a2200181Ia 4500 | ||
|---|---|---|---|
| 999 |
_c1690 _d1690 |
||
| 003 | OSt | ||
| 005 | 20200924114912.0 | ||
| 008 | 190216s9999||||xx |||||||||||||| ||und|| | ||
| 020 | _a8125905634 | ||
| 040 | _coclc | ||
| 082 |
_a572.8 _bKUM/M |
||
| 100 |
_aKumar, H D _94929 |
||
| 245 | 0 |
_aMolecular Biology / _cH D Kumar |
|
| 260 |
_bVikas Publications, _aNew Delhi: _c1998. |
||
| 300 | _a289p | ||
| 650 | _aBotany | ||
| 942 |
_cBK _2ddc _h572.8 _iKUM/M _k572.8 _mKUM/M |
||